000 00462 a2200145 4500
001 ART_23598
005 20260410161827.0
008 260409a
245 1 0 _aNormas alternativas para la preparación de información contable de Pymes
100 1 _aCasal, María del Carmen
700 1 _aRondi, Gustavo R.
700 1 _aGalante, Marcelo J.
700 1 _aGómez, Melisa
773 0 _tFACES
_g- Año 19, Nº 40/41 (ene./dic. 2013)
_wREV5046
999 _c22853
_d22853